| 000 | 00509nam a2200193Ia 4500 | ||
|---|---|---|---|
| 008 | 191130s2005##################000#0#eng## | ||
| 020 | _a9781405308434 | ||
| 040 |
_aACL _cACL |
||
| 082 | _a641.5 KAR | ||
| 100 | _aKarmel, Annabel | ||
| 245 |
_aChildren’s first cookbook _cAnnabel Karmel |
||
| 250 | _a1st edition | ||
| 260 |
_aLondon _bDorling Kindersley _c2005 |
||
| 300 | _a47 P.;Coll.ill | ||
| 650 | _aCooking | ||
| 990 | _a7f035946ac10000c4187a17d1580f508 | ||
| 991 | _a99407 | ||
| 999 |
_c128182 _d128182 |
||